Zovšeobecnenie metódy CPM a MPM na riadenie dodávateľských reťazcov
Riadenie dodávateľských reťazcov a jeho význam v riadení logistických procesov v koordinácii činností subjektov dodávateľského reťazca. Metódy CPM a MPM ako prístupy na riadenie týchto procesov založené na teórii grafov, určené predovšetkým pre časové rozhodovanie.
Enregistré dans:
| Auteur principal: | |
|---|---|
| Autres auteurs: | |
| Format: | Chapitre de livre |
| Langue: | slovaque |
| Sujets: | |
| Tags: |
Pas de tags, Soyez le premier à ajouter un tag!
|
MARC
| LEADER | 00000nla a2200000 4500 | ||
|---|---|---|---|
| 001 | 0180770 | ||
| 005 | 20240716091450.5 | ||
| 041 | 0 | |a slo | |
| 044 | |a SK | ||
| 245 | 1 | 0 | |a Zovšeobecnenie metódy CPM a MPM na riadenie dodávateľských reťazcov |c Ivan Brezina, Pavel Gežík |
| 520 | |a Riadenie dodávateľských reťazcov a jeho význam v riadení logistických procesov v koordinácii činností subjektov dodávateľského reťazca. Metódy CPM a MPM ako prístupy na riadenie týchto procesov založené na teórii grafov, určené predovšetkým pre časové rozhodovanie. | ||
| 610 | 2 | 0 | |a logistika distribučná |
| 610 | 2 | 0 | |a manažment logistický |
| 610 | 2 | 0 | |a metóda kritickej cesty |
| 610 | 2 | 0 | |a rozvrhovanie práce |
| 610 | 2 | 0 | |a procesy rozhodovacie |
| 610 | 2 | 0 | |a distribúcia |
| 100 | 1 | |a Brezina, Ivan, 1963- | |
| 700 | 1 | |a Gežík, Pavel, 1983- | |